00665nam a2200241 a 4500001001300000003000900013005001700022008004100039020000900080082001700089100001700106245002700123260003500150300000900185500003500194505001000229650002100239700001700260902000800277942000700285952011600292999001500408nice12345678IN_TiNIC20260116012715.0050524s1986 newa grp 000 0 urd  ac4500a491.439bMOI aMoinud, Ddin aHam Urdu Kaise Padhaen aNew DelhibMaktaba Jamiac1986 a196p aincludes index and biblioraphy2 aindex aUrdu-Coursr Book1 aMoinud, Ddin bSRS cBK 001040708StackRoom-aHMIbHMId2007-06-07g45.00l0o491.439 MOIp012852r2007-06-07v45.00w2005-05-24yBK c8036d8036